[Event "Oberfranken-ch"]
[Site "Schney"]
[Date "2018.01.03"]
[Round "2"]
[White "Bauschke, Norman"]
[Black "Schedl, Hermann"]
[Result "1-0"]
[WhiteElo "1638"]
[BlackElo "1413"]
[PlyCount "51"]
[EventDate "2018.01.03"]
[EventType "swiss"]
[EventRounds "7"]
[EventCountry "GER"]
[SourceTitle "CBM 182 Extra"]
[Source "ChessBase"]
[SourceDate "2018.02.23"]
[SourceVersion "1"]
[SourceVersionDate "2018.02.23"]
[SourceQuality "1"]

1. d4 d5 2. e4 Nf6 3. e5 Nfd7 4. c4 e6 5. Nc3 c5 6. f4 Nc6 7. cxd5 exd5 8. Nf3 cxd4 9. Nxd4 Bc5 10. Nf5 0-0 11. Qxd5 Nb4 12. Qe4 Nb6 13. Nxg7 Kxg7 14. a3 Nc6 15. Bd3 Qh4+ 16. g3 Qh3 17. Bd2 Re8 18. Nb5 Rb8 19. b4 Bf8 20. Bc3 Kg8 21. Nc7 f5 22. Bc4+ Nxc4 23. Qxc4+ Kh8 24. Nxe8 Bg7 25. e6 Bxc3+ 26. Qxc3+ 1-0

[Event "Oberfranken-ch"]
[Site "Schney"]
[Date "2017.01.04"]
[Round "3"]
[White "Schedl, Hermann"]
[Black "Moenius, Alexander"]
[Result "1/2-1/2"]
[WhiteElo "1413"]
[BlackElo "1931"]
[PlyCount "30"]
[EventDate "2017.01.03"]
[EventType "swiss"]
[EventRounds "7"]
[EventCountry "GER"]
[SourceTitle "CBM 176 Extra"]
[Source "ChessBase"]
[SourceDate "2017.03.02"]
[SourceVersion "1"]
[SourceVersionDate "2017.03.02"]
[SourceQuality "1"]

1. d4 Nf6 2. c4 g6 3. Nc3 Bg7 4. e4 d6 5. Be3 Nbd7 6. Qd2 e5 7. d5 0-0 8. Bh6 Nc5 9. Bxg7 Kxg7 10. f3 Bd7 11. Bd3 Rb8 12. Nge2 Nh5 13. Bc2 Qe8 14. b4 Na6 15. a3 b6 1/2-1/2

[Event "Oberfranken-ch"]
[Site "Schney"]
[Date "2017.01.03"]
[Round "1"]
[White "Schedl, Hermann"]
[Black "Kuhlemann, Claus"]
[Result "0-1"]
[WhiteElo "1413"]
[BlackElo "1806"]
[PlyCount "76"]
[EventDate "2017.01.03"]
[EventType "swiss"]
[EventRounds "7"]
[EventCountry "GER"]
[SourceTitle "CBM 176 Extra"]
[Source "ChessBase"]
[SourceDate "2017.03.02"]
[SourceVersion "1"]
[SourceVersionDate "2017.03.02"]
[SourceQuality "1"]

1. d4 b6 2. e3 Bb7 3. Nf3 Nf6 4. c4 e6 5. Nc3 Bb4 6. a3 Bxc3+ 7. bxc3 0-0 8. Bd3 d6 9. 0-0 Nbd7 10. Re1 Re8 11. a4 e5 12. Bc2 e4 13. Nd2 a5 14. Nf1 h6 15. Ng3 Nf8 16. Rb1 Qd7 17. Rb5 Ba6 18. Rf5 Bxc4 19. Rxf6 gxf6 20. Qh5 Ng6 21. Nf5 Ne7 22. Nxh6+ Kg7 23. Bxe4 Rh8 24. Bxa8 Rxh6 25. Qf3 c6 26. e4 Rg6 27. Bf4 Qd8 28. Bxc6 Nxc6 29. h4 Kg8 30. g4 d5 31. h5 Rg7 32. Kh2 dxe4 33. Qg3 Be6 34. Rxe4 Rxg4 35. Qe3 f5 36. Rxe6 Qh4+ 37. Qh3 Qxf2+ 38. Kh1 Qg1# 0-1

[Event "Oberfranken-ch"]
[Site "Schney"]
[Date "2016.01.05"]
[Round "6"]
[White "Schulz, Horst"]
[Black "Schedl, Hermann"]
[Result "1-0"]
[WhiteElo "1716"]
[BlackElo "1082"]
[PlyCount "127"]
[EventDate "2016.01.03"]
[EventType "swiss"]
[EventRounds "7"]
[EventCountry "GER"]
[SourceTitle "CBM 170 Extra"]
[Source "ChessBase"]
[SourceDate "2016.02.25"]
[SourceVersion "1"]
[SourceVersionDate "2016.02.25"]
[SourceQuality "1"]

1. d4 Nf6 2. e3 d5 3. Bd3 e6 4. f4 Be7 5. Nf3 b6 6. 0-0 Ba6 7. Bxa6 Nxa6 8. Ne5 Nb8 9. c3 Nbd7 10. Nc6 Qc8 11. Nxe7 Kxe7 12. Bd2 Ne4 13. Be1 Qg8 14. Nd2 Ndf6 15. Bh4 Rc8 16. Nxe4 dxe4 17. Qc2 Kd6 18. Bxf6 gxf6 19. Qxe4 Qg6 20. Qf3 c6 21. e4 f5 22. e5+ Ke7 23. Rad1 h5 24. c4 h4 25. Qa3+ c5 26. dxc5 Rxc5 27. Qxa7+ Kf8 28. Rd8+ Kg7 29. Rxh8 Kxh8 30. b3 Kg7 31. Qxb6 Rc8 32. Qf2 Qg4 33. h3 Qh5 34. Qf3 Qh8 35. Rd1 Qf8 36. Rd6 Ra8 37. a4 Kg6 38. c5 Qb8 39. g4 Kh6 40. Rb6 Qd8 41. g5+ Kg6 42. Rd6 Qa5 43. Qf2 Qc3 44. Qxh4 Qe3+ 45. Kf1 Qf3+ 46. Kg1 Qe3+ 47. Qf2 Qxb3 48. Kh2 Qc4 49. Rd2 Rh8 50. Qd4 Qf1 51. Rg2 Rc8 52. Qf2 Qxf2 53. Rxf2 Rxc5 54. Ra2 Ra5 55. Ra3 Kh5 56. Kg3 Kg6 57. Kf3 Kh5 58. Ke3 Rd5 59. a5 Kh4 60. Ke2 Rd7 61. a6 Ra7 62. Kd2 Kh5 63. Kc3 Kg6 64. Kb4 1-0

[Event "Oberfranken-ch"]
[Site "Schney"]
[Date "2016.01.03"]
[Round "1"]
[White "Schedl, Hermann"]
[Black "Schillig, Gert"]
[Result "0-1"]
[WhiteElo "1082"]
[BlackElo "1844"]
[PlyCount "70"]
[EventDate "2016.01.03"]
[EventType "swiss"]
[EventRounds "7"]
[EventCountry "GER"]
[SourceTitle "CBM 170 Extra"]
[Source "ChessBase"]
[SourceDate "2016.02.25"]
[SourceVersion "1"]
[SourceVersionDate "2016.02.25"]
[SourceQuality "1"]

1. d4 Nf6 2. Nf3 g6 3. c4 Bg7 4. Nc3 0-0 5. e4 d6 6. Be3 c6 7. Qb3 Nbd7 8. Be2 e5 9. 0-0-0 Qc7 10. Kb1 Ng4 11. Rd3 Nxe3 12. fxe3 b6 13. g4 Bb7 14. h4 h6 15. Rdd1 Rae8 16. Qc2 Nf6 17. Nh2 Qe7 18. Qa4 a6 19. Qc2 exd4 20. Rxd4 c5 21. Nd5 Nxd5 22. Rxd5 Bxd5 23. exd5 Qe4 24. Qxe4 Rxe4 25. Nf1 Re5 26. Kc2 f5 27. g5 hxg5 28. hxg5 f4 29. Kd3 Rxg5 30. b3 f3 31. Bd1 Rg2 32. Rh3 Rg1 33. Rg3 Rxf1 34. Kd2 Rxd1+ 35. Kxd1 f2 0-1